Advanced strength of materials (Record no. 6074)

000 -LEADER
fixed length control field 00525nam a2200193 4500
001 - CONTROL NUMBER
control field 6074
003 - CONTROL NUMBER IDENTIFIER
control field BD-DhHUET
008 - FIXED-LENGTH DATA ELEMENTS--GENERAL INFORMATION
fixed length control field 790809s1952 nyua 001 0 eng
020 ## - INTERNATIONAL STANDARD BOOK NUMBER
International Standard Book Number 070164002
040 ## - CATALOGING SOURCE
Original cataloging agency DLC
Transcribing agency DLC
Modifying agency BD-DhHUET
082 ## - DEWEY DECIMAL CLASSIFICATION NUMBER
Classification number 620.11
Item number DEN/1952
100 1# - MAIN ENTRY--PERSONAL NAME
Personal name Den Hartog, J. P.
245 10 - TITLE STATEMENT
Title Advanced strength of materials
Statement of responsibility, etc. by Den Hartog, J. P.
250 ## - EDITION STATEMENT
Edition statement 1st ed.
260 ## - PUBLICATION, DISTRIBUTION, ETC. (IMPRINT)
Place of publication, distribution, etc. New York
Name of publisher, distributor, etc. McGraw-Hill
Date of publication, distribution, etc. 1952
300 ## - PHYSICAL DESCRIPTION
Extent ix,379 p.
Other physical details illus.
Dimensions 24 cm.
650 #0 - SUBJECT ADDED ENTRY--TOPICAL TERM
Topical term or geographic name as entry element Strength of materials: engineering
942 ## - ADDED ENTRY ELEMENTS (KOHA)
Koha item type General Book
Holdings
Koha normalized classification for sorting Not for loan Damaged status Withdrawn status Location (home branch) Sublocation or collection (holding branch) Koha item type Piece designation (barcode) Shelving location Date acquired Copy number Price effective from Koha full call number Source of classification or shelving scheme Koha date last seen Lost status
620_000000000000000_11DEN1952   Central Library, BUETCentral Library, BUETGeneral Book87925Circulation section2014-11-3012014-11-30620.11/DEN/1952 2014-11-30 
620_110000000000000_DEN_1952   Central Library, BUETCentral Library, BUETGeneral Book29906Circulation section2015-04-2322015-04-23620.11/DEN/1952 2015-04-23 
620_110000000000000_DEN_1952   Central Library, BUETCentral Library, BUETGeneral Book29901Circulation section2015-04-2332015-04-23620.11/DEN/1952 2015-04-23 
620_110000000000000_DEN_1952   Central Library, BUETCentral Library, BUETGeneral Book34760Circulation section2015-04-2342015-04-23620.11/DEN/1952 2015-04-23 
620_110000000000000_DEN_1952   Central Library, BUETCentral Library, BUETGeneral Book29903Circulation section2015-04-2352015-04-23620.11/DEN/1952 2015-04-23 
620_110000000000000_DEN_1952   Central Library, BUETCentral Library, BUETGeneral Book34761Circulation section2015-04-2362015-04-23620.11/DEN/1952 2015-04-23 
620_110000000000000_DEN_1952   Central Library, BUETCentral Library, BUETGeneral Book29908Circulation section2015-04-2372015-04-23620.11/DEN/1952 2015-04-23 
620_110000000000000_DEN_1952   Central Library, BUETCentral Library, BUETGeneral Book29905Circulation section2015-04-2382015-04-23620.11/DEN/1952 2015-04-23 
620_110000000000000_DEN_1952   Central Library, BUETCentral Library, BUETGeneral Book29904Circulation section2015-04-2392015-04-23620.11/DEN/1952 2015-04-23 
620_110000000000000_DEN_1952   Central Library, BUETCentral Library, BUETGeneral Book34762Circulation section2015-04-25102015-04-25620.11/DEN/1952 2015-04-25 
620_110000000000000_DEN_1952   Central Library, BUETCentral Library, BUETGeneral Book29907Circulation section2015-04-25112015-04-25620.11/DEN/1952 2015-04-25